[Event "Wch U20 Girls 28th"]
[Site "Chotowa"]
[Date "2010.08.15"]
[Round "12"]
[White "Skinke, Katrina"]
[Black "Agrest, Inna"]
[Result "1-0"]
[WhiteElo "2237"]
[BlackElo "2174"]
[PlyCount "113"]
[EventDate "2010.08.03"]
[EventType "swiss"]
[EventRounds "13"]
[EventCountry "POL"]
[SourceTitle "CBM 137 Extra"]
[Source "ChessBase"]
[SourceDate "2010.09.01"]
[SourceVersion "1"]
[SourceVersionDate "2010.09.01"]
[SourceQuality "1"]

1. c4 g6 2. Nc3 Bg7 3. e4 d6 4. d3 e5 5. Be3 Nc6 6. Qd2 h6 7. h4 Nge7 8. g3 Nd4 9. Bg2 Be6 10. 0-0-0 Qd7 11. Kb1 a6 12. h5 g5 13. f4 gxf4 14. gxf4 exf4 15. Bxf4 0-0-0 16. Nge2 Nec6 17. Rc1 Kb8 18. Nd5 Nxe2 19. Qxe2 Nd4 20. Qd2 Rde8 21. Nb4 Bg4 22. c5 Be5 23. c6 bxc6 24. Be3 c5 25. Nd5 Qb5 26. Rc3 Kc8 27. Ra3 c6 28. Bxd4 cxd5 29. Rb3 Qa4 30. Bxe5 Rxe5 31. Qf4 Be6 32. Qf6 Qe8 33. d4 Rg5 34. exd5 Bxd5 35. Bxd5 Rxd5 36. Rc1 Rg8 37. dxc5 Qe4+ 38. Ka1 Rxc5 39. Rxc5+ dxc5 40. Qxa6+ Kc7 41. Qa7+ Kd6 42. Rb6+ Ke5 43. Qc7+ Kd4 44. Rd6+ Ke3 45. Qxc5+ Ke2 46. Qb5+ Ke3 47. Rd1 Qg4 48. Qc5+ Kf3 49. Rf1+ Ke2 50. Qf2+ Kd3 51. Qxf7 Qg2 52. Qf5+ Ke2 53. Rc1 Qg5 54. Rc2+ Ke3 55. Rc3+ Ke2 56. Qf3+ Ke1 57. Re3+ 1-0

[Event "Wch U20 Girls 28th"]
[Site "Chotowa"]
[Date "2010.08.13"]
[Round "10"]
[White "Kaya, Emel"]
[Black "Skinke, Katrina"]
[Result "0-1"]
[WhiteElo "2015"]
[BlackElo "2237"]
[PlyCount "68"]
[EventDate "2010.08.03"]
[EventType "swiss"]
[EventRounds "13"]
[EventCountry "POL"]
[SourceTitle "CBM 137 Extra"]
[Source "ChessBase"]
[SourceDate "2010.09.01"]
[SourceVersion "1"]
[SourceVersionDate "2010.09.01"]
[SourceQuality "1"]

1. e4 d6 2. d4 Nf6 3. Nc3 g6 4. g3 Bg7 5. Bg2 0-0 6. Nge2 Nc6 7. 0-0 e5 8. h3 exd4 9. Nxd4 Bd7 10. Be3 Re8 11. Qd2 a6 12. a4 Ne5 13. Bh6 c5 14. Bxg7 Kxg7 15. Nde2 Bxh3 16. b3 Bxg2 17. Kxg2 Nc6 18. f3 Qe7 19. Nf4 Rad8 20. Rad1 Nb4 21. g4 Qe5 22. Rh1 Kg8 23. Nd3 Nxd3 24. Qxd3 h5 25. gxh5 Nxh5 26. Nd5 Kg7 27. Rh3 Rh8 28. Kf2 Nf6 29. Rxh8 Rxh8 30. Nxf6 Rh2+ 31. Kf1 Qxf6 32. Qe3 Qh4 33. e5 Rh1+ 34. Ke2 Qh2+ 0-1